USA - Largest cities - Statistics

General Stats
  • This quiz has been taken 60 times
  • The average score is 8 of 10
Answer Stats
Hint Answer % Correct
3. Chicago
98%
2. Los Angeles
96%
1. New York City
96%
9. Dallas
87%
4. Houston
83%
6. Philadelphia
78%
8. San Diego
74%
5. Phoenix
72%
7. San Antonio
63%
10. San Jose
54%
No matching quizzes found
Score Distribution
Percent of People with Each Score
Percentile by Number Answered
Your Score History
You have not taken this quiz